000 00501nam a22001697a 4500
005 20231109064631.0
008 231109b |||||||| |||| 00| 0 eng d
020 _a40903729 ; 409037257
041 _aEnglish
082 _a346.2 KER
100 _aKerr, AJ
_lEnglish
245 _aThe Law of Agency /
_cAJ Kerr
260 _aDurban :
_bButterworth and Company (Pty) Ltd,
_c1972
300 _bxxix, 239 pages ;
_c25 cm.
650 _aLegal practice
_bLaw
942 _cBK
_6ALISON_BN_VRIES
999 _c457
_d457